| 000 | 00865cam a2200217 4500 | ||
|---|---|---|---|
| 001 | WB3726-12 | ||
| 008 | 000000n2001 000 0 eng u | ||
| 035 | _a(Sirsi) u113382 | ||
| 245 | _aConstruction thrives in house | ||
| 260 | _c2001 | ||
| 490 |
_aRICS Press Release _v(pr089) 29 June 2001, (2) |
||
| 520 | _aRICS construction report shows that high house prices are deterring more people from moving with many choosing to refurbish or extend their existing properties. Small contractors who specialise in residential repair and maintenance are benefiting from this situation with demand for their services extremely high. | ||
| 590 | _aWB | ||
| 650 | _aSMALL CONSTRUCTION COMPANIES | ||
| 650 | _aREPAIR AND MAINTENANCE | ||
| 650 | _aRICS SURVEY | ||
| 650 | _aCONSTRUCTION MARKET | ||
| 650 | _aRESIDENTIAL SECTOR | ||
| 690 | _aHOUSING | ||
| 942 | _n0 | ||
| 999 |
_c67549 _d67549 |
||